000 00991nas a2200313 4500
001 BR0200844
003 BR-BrBNA
005 20231205102734.0
007 ta
008 230509b bl.|||p| |||| 00| 00por d
040 _aBR-BrBNA
_bpor
_cBiblioteca Nacional de Agricultura
041 _a(Pt)
072 _aF62
100 1 _aThomaz, M.A.A.
100 1 _aViégas, I. de J.M.
100 1 _aSampaio, M. do C.T.
100 1 _aMatos, A. de O.
100 1 _aConceição, H.E.O. da
245 1 _aCrescimento de plantas jovens de taxi-branco (Sclerolobium paniculatum Vogel)em função da idade e da aplicação de fosfato de trauíra
650 _aTaxi Branco
650 _aCrescimento
650 _aMatéria Seca
650 _aFosfato de Rocha
650 _aLeguminosa
650 _aEstufa
773 0 _tRevista de Ciências Agrárias (Brazil)
_xISSN 1517-591X
_g(Jan-Jul 2001), (no.35) p. 15-24
_wBR0200844
909 _a202311
_bLúcia
_c55
_dLúcia Elande
942 _2AGRIS
_n0
_cANA
999 _c169083
_d169083